000 00495nam a2200145 4500
082 _aMSEE-4 ZAF
100 _aAhsan Zafar
245 _aBeam steering employing tunable fiber laser source
260 _aIslamabad
_bNUST-SEECS
_c2016
300 _a56p.
_eCD Includes
856 _uhttp://10.250.8.41:8080/xmlui/handle/123456789/8566
942 _2ddc
_cTHE
999 _c328726
_d328726